Compañeros de viaje / (Record no. 71988)
[ view plain ]
| 000 -LEADER | |
|---|---|
| campo de control de longitud fija | 00676nam a2200217 i 4500 |
| 001 - NÚMERO DE CONTROL | |
| campo de control | 71988 |
| 003 - IDENTIFICADOR DE NÚMERO DE CONTROL | |
| campo de control | ES-MaACL |
| 005 - FECHA Y HORA DE LA ÚLTIMA TRANSACCIÓN | |
| campo de control | 20250808021406.0 |
| 007 - CAMPO FIJO DE DESCRIPCIÓN FÍSICA--INFORMACIÓN GENERAL | |
| campo de control de longitud fija | t| |
| 008 - DATOS DE LONGITUD FIJA--INFORMACIÓN GENERAL | |
| campo de control de longitud fija | 040823s1957 sp ||||1| spa d |
| 100 0# - ENTRADA PRINCIPAL--NOMBRE DE PERSONA | |
| Nombre de persona | Gil de Biedma, Jaime, |
| Fechas asociadas al nombre | 1929-1990 |
| 9 (RLIN) | 56787 |
| 245 10 - MENCIÓN DEL TÍTULO | |
| Título | Compañeros de viaje / |
| Mención de responsabilidad, etc. | Jaime Gil de Biedma ; cubierta de José María de Martín. |
| 260 ## - PUBLICACIÓN, DISTRIBUCIÓN, ETC. | |
| Lugar de publicación, distribución, etc. | Barcelona : |
| Nombre del editor, distribuidor, etc. | Horta, |
| Fecha de publicación, distribución, etc. | [1957] ( |
| Fabricante | Frontis) |
| 300 ## - DESCRIPCIÓN FÍSICA | |
| Extensión | 81 p. ; |
| Dimensiones | 19 cm. |
| 490 1# - MENCIÓN DE SERIE | |
| Mención de serie | Fe de Vida |
| 700 1# - ENTRADA AGREGADA--NOMBRE PERSONAL | |
| Nombre de persona | Martín, José María de. |
| 9 (RLIN) | 77325 |
| 830 00 - PUNTO DE ACCESO ADICIONAL DE SERIE-TÍTULO UNIFORME | |
| Título uniforme | Fe de vida. |
| Nombre de parte o sección de la obra | Poesía y ensayo |
| Designación de volumen o secuencia | 3 |
| 9 (RLIN) | 230108 |
| 852 ## - LOCALIZACIÓN | |
| Ubicación | ES-MaACL |
| Número de control de estantería | C-17763 |
| Sublocalización o colección | R.44799 |
| 942 ## - ELEMENTOS DE ENTRADA SECUNDARIOS (KOHA) | |
| Fuente del sistema de clasificación o colocación | Clasificación decimal universal |
| Estatus retirado | Estado de pérdida | Estado de daño | No para préstamo | Biblioteca de origen | Biblioteca actual | Ubicación en estantería | Fecha de adquisición | Fuente de adquisición | Total de préstamos | Signatura topográfica completa | Código de barras | Visto por última vez | Precio de reemplazo | Tipo de ítem Koha |
|---|---|---|---|---|---|---|---|---|---|---|---|---|---|---|
| Biblioteca del Ateneo de Madrid | Biblioteca del Ateneo de Madrid | Galería | 17/01/2008 | C-17763 | 1075358 | 23/02/2023 | 23/02/2023 | Libro impreso |
